| 000 | 00658nam a22002057a 4500 | ||
|---|---|---|---|
| 005 | 20251108165924.0 | ||
| 008 | 250721s1998 xx 000 0 ara d | ||
| 082 | 1 | 4 | _a363.738/عرو |
| 100 | 1 | _aالعروسي، حسين | |
| 245 | 1 | 0 | _aالتلوث المنزلي / |
| 250 | _aط2 | ||
| 264 | 1 |
_aالاسكندرية : _bمكتبة المعارف الحديثة، _c1998. |
|
| 300 | _a175ص | ||
| 490 | 0 | _aسلسلة العلوم و التكنولوجيا للجميع -العدد الأول | |
| 650 | 1 | 7 | _aثلوث الأغذية |
| 650 | 1 | 7 | _aالتلوث الكيميائي |
| 650 | 1 | 7 | _aالملوثات |
| 942 |
_2ddc _cBK |
||
| 999 |
_c34890 _d34890 |
||